Moral concerns /

Bibliographic Details
Main Author: Almond, Brenda
Format: Book
Language:English
Published: Atlantic Highlands, NJ : Humanities Press International, 1987.
Subjects:

MARC

Tag First Indicator Second Indicator Subfields
LEADER 00000cam a2200000 a 4500
001 in00000008204
005 20151002080011.0
008 851108s1987 nju b 00110 eng
010 |a  85027202  
020 |a 0391033727 
020 |a 0391034227 (pbk.) 
035 |a (OCoLC)12908784 
035 |9 AAA0570AM 
040 |a DLC  |c DLC  |d m/c  |d TXA  |d UtOrBLW 
050 0 0 |a BJ1012  |b .A47 1987 
082 0 |a 170  |2 19 
100 1 |a Almond, Brenda. 
245 1 0 |a Moral concerns /  |c Brenda Almond. 
264 1 |a Atlantic Highlands, NJ :  |b Humanities Press International,  |c 1987. 
300 |a xiii, 152 pages ;  |c 24 cm. 
336 |a text  |b txt  |2 rdacontent 
337 |a unmediated  |b n  |2 rdamedia 
338 |a volume  |b nc  |2 rdacarrier 
504 |a Includes bibliographies and index. 
650 0 |a Ethics. 
650 0 |a Social ethics. 
999 |a MARS 
999 f f |s 0418ed21-ffdb-3e14-a5a2-ac8c2142d817  |i bbda3136-e290-39b5-b196-63aca5839670  |t 0 
952 f f |p ric  |a Texas A&M University  |b Rellis Campus  |c Joint Library Facility  |d Remote Storage  |t 0  |e BJ1012 .A47 1987  |h Library of Congress classification  |i unmediated -- volume  |m A14810755094 
998 f f |a BJ1012 .A47 1987  |t 0  |l Remote Storage